Statistics for Longest Ruling Non-Royal Rulers Since 1900

Click here to take the quiz!

General Stats

  • This quiz has been taken 45 times
  • The average score is 11 of 16

Answer Stats

NameYearsCountry% Correct
Fidel Castro52Cuba
100%
Kim II Sung48North Korea
100%
Francisco Franco39Spain
100%
Chang Kai-Shek48China
98%
Muammar Gaddafi42Libya
95%
Josip Broz Tito36Yugoslavia
88%
Robert Mugabe37Zimbabwe
85%
Ali Khamenei37Iran
78%
Enver Hoxha40Albania
65%
Jose Eduardo Dos Santos38Angola
55%
Paul Biya43Cameroon
53%
Teodoro Obiang Nguema Mbasogo39*Equatorial Guinea
53%
Omar Bongo42Gabon
48%
Gnassingbe Eyadema38Togo
45%
Yumjaaglin Tsedenbal44Mongolia
43%
Eamon De Valera38Ireland
33%

Score Distribution

Percentile by Number Answered

Percent of People with Each Score

Your Score History

You have not taken this quiz